000 00609nam a22002297a 4500
001 74790
003 BD-RjUL
005 20211209082613.0
008 181204b ||||| |||| 00| 0 eng d
035 _a(BD-RjUL)75008
040 _aBD-RjUL
_beng
_cBD-RjUL
041 _aeng
082 _223
_a320.9045
_bDEH 1969
100 _4Degrazia, A
245 1 4 _aThe History of World Politics /
_c A. Degrazia,
260 _aNewyork :
_bBarnesol nobel pub,
_c1969
300 _a399 p. ;
_c22 cm
500 _aIncludes Index.
650 _aWorld politics
_9225605
650 _aDiplomacy
_9225608
942 _2ddc
_cBK
999 _c74790
_d74790